000 00437nam a2200145Ia 4500
041 _aArabic
082 _a711,55 cut-224 ع
100 _a20260118u\\\\\\\\\\\y0engy0103\\\\ba
100 _aد.سمير العبادي
245 0 _aتخطيط ومراقبة العمليات الانتاجية
250 _aط1
260 _bالشركة العربية المتحدة
_aالقاهرة - مصر
_c2024
300 _a306
942 _cBk
999 _c188110
_d188110